000 00916nam a2200157Ia 4500
008 100122s9999 xx 000 0 und d
082 _b57897
_a823.08
100 _aमेहता अमृत
245 _aरॉबर्ट मुजिल साल्तिकोफ-शिद्रीन आणि अर्नेस्ट हेमिंग्वेच्या कथा
260 _bदिलीपराज प्रकाशन
_c1999
300 _a102
630 _aरॉबर्ट मुजिल साल्तिकोफ-शिद्रीन आणि अर्नेस्ट हेमिंग्वेच्या कथा
700 _aपांढरीपांडे विजय
730 _aरॉबर्ट मुजिल साल्तिकोफ-शिद्रीन आणि अर्नेस्ट हेमिंग्वेच्या कथा
942 _cBOOK
999 _c434024
_d434021